000 00665nas a2200217 4500
001 BR7704300
003 BR-BrBNA
005 20231205083224.0
007 ta
008 230509b bl.|||p| |||| 00| 00por d
040 _aBR-BrBNA
_bpor
_cBiblioteca Nacional de Agricultura
041 _a(Pt)
072 _aK10; K50
100 1 _aAnon.
245 1 _aSerra de fita estreita uma maquina indispensavel [Equipamento florestal; Madeira serrada]
650 _aMADEIRA SERRADA
650 _aSERRA
773 0 _tRevista da Madeira (Brazil)
_xISSN 0034-7582
_g(Jul 1977), v. 26(307) p. 9-15
_wBR7704300
909 _a202311
_bLúcia
_c55
_dLúcia Elande
942 _2AGRIS
_n0
_cANA
999 _c97256
_d97256